Risk Analysis Associated with Valuation of Industrial Properties for Banking Purposes

Spôsob financovania ako jedno z rizík investovania do priemyselných nehnuteľností. Posúdenie majetku z hľadiska rizík, ktoré ovplyvňujú nielen trhovú hodnotu nehnuteľnosti, ale aj celkový kolaterál a financovanie nehnuteľnosti. Banky určujú mieru rizika pre každú nehnuteľnosť individuálne a existuj...

Ausführliche Beschreibung

Gespeichert in:
Bibliographische Detailangaben
1. Verfasser: Krestes, Pavel
Format: Buchkapitel
Sprache:Englisch
Schlagworte:
Tags: Tag hinzufügen
Keine Tags, Fügen Sie das erste Tag hinzu!

MARC

LEADER 00000naa a2200000 4500
001 0260252
005 20221104110753.4
041 0 |a eng 
044 |a CZ 
245 1 0 |a Risk Analysis Associated with Valuation of Industrial Properties for Banking Purposes  |c Pavel Krestes 
520 |a Spôsob financovania ako jedno z rizík investovania do priemyselných nehnuteľností. Posúdenie majetku z hľadiska rizík, ktoré ovplyvňujú nielen trhovú hodnotu nehnuteľnosti, ale aj celkový kolaterál a financovanie nehnuteľnosti. Banky určujú mieru rizika pre každú nehnuteľnosť individuálne a existuje niekoľko situácií, ktoré môžu vzniknúť pri posudzovaní rizika. Analýza rizík s tým spojených a oceňovanie priemyselných nehnuteľností pre bankové účely. 
610 2 0 |a oceňovanie 
610 2 0 |a nehnuteľnosti 
610 2 0 |a riziko finančné 
610 2 0 |a stratégia investičná 
610 2 0 |a banky 
100 1 |a Krestes, Pavel